Cuestiones contables fundamentales (Registro nro. 815)

Detalles MARC
000 -LEADER
fixed length control field 01469 a2200265 4500
001 - CONTROL NUMBER
control field 21549
005 - DATE AND TIME OF LATEST TRANSACTION
control field 20260407155505.0
008 - FIXED-LENGTH DATA ELEMENTS--GENERAL INFORMATION
fixed length control field 260407a2011 arg spa d
003 - CONTROL NUMBER IDENTIFIER
control field AR-UNSa-BCEJYS
040 ## - CATALOGING SOURCE
Original cataloging agency AR-UNSa-BCEJYS
Language of cataloging spa
Transcribing agency AR-UNSa-BCEJYS
080 ## - UNIVERSAL DECIMAL CLASSIFICATION NUMBER
Universal Decimal Classification number 657
Common auxiliary subdivision Contabilidad
020 ## - INTERNATIONAL STANDARD BOOK NUMBER
International Standard Book Number 978-987-03-1896-5
041 ## - LANGUAGE CODE
Language code of text/sound track or separate title spa
100 1# - MAIN ENTRY--PERSONAL NAME
Personal name Fowler Newton, Enrique
245 10 - TITLE STATEMENT
Title Cuestiones contables fundamentales
250 ## - EDITION STATEMENT
Edition statement 5a. ed.
264 #1 - PRODUCTION, PUBLICATION, DISTRIBUTION, MANUFACTURE, AND COPYRIGHT NOTICE
Place of production, publication, distribution, manufacture Buenos Aires :
Name of producer, publisher, distributor, manufacturer La Ley
Date of production, publication, distribution, manufacture, or copyright notice 2011
300 ## - PHYSICAL DESCRIPTION
Extent lvi, 694 p.
Dimensions 24 cm.
505 ## - FORMATTED CONTENTS NOTE
Formatted contents note 1. Contabilidad, informes contables y cuestiones relacionadas - 2. Cualidades de la información financiera útil - 3. Objetos de reconocimiento y medición contable - 4. La moneda de medición - 5. Reconocimiento y baja contable - 6. Medición contable - 7. Modelos contables - 8. Estados financieros - 9. Informes contables internos - 10. Emisión y modificación de normas contables - 11. Armonización de las normas contables - 12. Las Normas Internacionales de Información Financiera (NIIF) - 13. La NIIF para las Pymes - 14. Las normas contables en la Argentina - 15. Los US GAAP - 16. La convergencia entre las NIIF y los US GAAP y la aplicación de las primeras en los Estados Unidos
590 ## - LOCAL NOTE (RLIN)
Local note niveau_biblio:m niveau_hierar:0
650 ## - SUBJECT ADDED ENTRY--TOPICAL TERM
Topical term or geographic name entry element NIIF
650 ## - SUBJECT ADDED ENTRY--TOPICAL TERM
Topical term or geographic name entry element niif
856 41 - ELECTRONIC LOCATION AND ACCESS
Uniform Resource Identifier <a href="https://biblioeco.unsa.edu.ar/pmb/images/libros/Cuestiones Contables Fundamentales 2.jpg">https://biblioeco.unsa.edu.ar/pmb/images/libros/Cuestiones Contables Fundamentales 2.jpg</a>
Link text Imagen de portada
Electronic format type image/jpeg
942 ## - ADDED ENTRY ELEMENTS (KOHA)
Koha item type
Existencias
Withdrawn status Lost status Damaged status Not for loan Home library Current library Shelving location Date acquired Total checkouts Full call number Barcode Date last seen Price effective from Koha item type Public note
        Biblioteca Prof. Eusebio Cleto del Rey Biblioteca Prof. Eusebio Cleto del Rey   07/04/2026   657 F785c 5ed. L119380 07/04/2026 07/04/2026 Libro HOJAS MANCHADAS
        Biblioteca Prof. Eusebio Cleto del Rey Biblioteca Prof. Eusebio Cleto del Rey   07/04/2026   657 F785c 5ed. L119381 07/04/2026 07/04/2026 Libro LÁPIZ, FLÚOR Y MANCHADO
        Biblioteca Prof. Eusebio Cleto del Rey Biblioteca Prof. Eusebio Cleto del Rey   07/04/2026   657 F785c 5ed. L119382 07/04/2026 07/04/2026 Libro CANTO Y HOJAS MANCHADAS
        Biblioteca Prof. Eusebio Cleto del Rey Biblioteca Prof. Eusebio Cleto del Rey   07/04/2026   657 F785c 5ed. L127558 07/04/2026 07/04/2026 Libro LÁPIZ LEVE Y HOJAS MANCHADAS
        Biblioteca Prof. Eusebio Cleto del Rey Biblioteca Prof. Eusebio Cleto del Rey   07/04/2026   657 F785c 5ed. L127559 07/04/2026 07/04/2026 Libro  
        Biblioteca Prof. Eusebio Cleto del Rey Biblioteca Prof. Eusebio Cleto del Rey   07/04/2026   657 F785c 5ed. L127560 07/04/2026 07/04/2026 Libro HOJAS MANCHADAS